Young men in farming : (Record no. 21502)

MARC details
000 -LEADER
fixed length control field 01737cam a22003011a 4500
001 - CONTROL NUMBER
control field e 36000598
003 - CONTROL NUMBER IDENTIFIER
control field DLC
005 - DATE AND TIME OF LATEST TRANSACTION
control field 20260227111226.0
008 - FIXED-LENGTH DATA ELEMENTS--GENERAL INFORMATION
fixed length control field 911126r19361933dcu s f000 0 eng
010 ## - LIBRARY OF CONGRESS CONTROL NUMBER
LC control number e 36000598
035 ## - SYSTEM CONTROL NUMBER
System control number (OCoLC)24857901
040 ## - CATALOGING SOURCE
Original cataloging agency DLC
Transcribing agency N
Modifying agency DLC
050 00 - LIBRARY OF CONGRESS CALL NUMBER
Classification number LC1045
Item number .A25 no. 188
100 1# - MAIN ENTRY--PERSONAL NAME
Personal name Hoskins, Edwin Ray,
Dates associated with a name 1891-1982.
245 12 - TITLE STATEMENT
Title Young men in farming :
Remainder of title a study of young men to determine the qualifications, oportunities, and needs for training in farming, together with derived guidance, placement, and training objectives /
Statement of responsibility, etc. [by Edwin Ray Hoskins]
260 ## - PUBLICATION, DISTRIBUTION, ETC.
Place of publication, distribution, etc. Washington, D.C. :
Name of publisher, distributor, etc. U.S. Govt. Print. Off.,
Date of publication, distribution, etc. 1936.
300 ## - PHYSICAL DESCRIPTION
Extent v, 117 p. ;
Dimensions 23 cm.
440 #0 - SERIES STATEMENT/ADDED ENTRY--TITLE
Title Vocational education bulletin ;
Volume/sequential designation no. 188
440 #0 - SERIES STATEMENT/ADDED ENTRY--TITLE
Title Agriculture series ;
Volume/sequential designation no. 49
500 ## - GENERAL NOTE
General note "The author of this bulletin has adapted it from a thesis, Certain specific objectives in curriculum making for vocational education in agriculture for the secondary school, presented by him to the faculty of the Graduate School of Cornell University in partial fulfillment for the degree of Doctor of Philosophy."--Foreword.
502 ## - DISSERTATION NOTE
Dissertation note Thesis (Ph. D.)--Cornell University, 1933.
500 ## - GENERAL NOTE
General note Thesis title and note on cover.
501 ## - WITH NOTE
With note With : Consumer-buying in the educational program for home making / Beulah Isabelle Coon. Washington : Govt. Print. Off., 1935. Bound together subsequent to publication.
Institution to which field applies DLC
650 #0 - SUBJECT ADDED ENTRY--TOPICAL TERM
Topical term or geographic name entry element Agricultural education
Geographic subdivision United States.
650 #0 - SUBJECT ADDED ENTRY--TOPICAL TERM
Topical term or geographic name entry element Agriculture
General subdivision Vocational guidance
Geographic subdivision United States.
650 #0 - SUBJECT ADDED ENTRY--TOPICAL TERM
Topical term or geographic name entry element Vocational education
Geographic subdivision United States.
740 0# - ADDED ENTRY--UNCONTROLLED RELATED/ANALYTICAL TITLE
Uncontrolled related/analytical title Certain specific objectives in curriculum making for vocational education in agriculture for the secondary school.

No items available.

Powered by Koha